[Event "Moscow Blondes-Brunettes m 13th"]
[Site "Moscow"]
[Date "2024.03.14"]
[Round "5.3"]
[White "Badelka, Olga"]
[Black "Voit, Daria"]
[Result "0-1"]
[WhiteElo "2377"]
[BlackElo "2350"]
[PlyCount "74"]
[EventDate "2024.03.14"]
[EventType "schev (blitz)"]
[EventRounds "8"]
[EventCountry "RUS"]
[SourceTitle "CB13_2024"]
[SourceDate "2024.03.27"]
[SourceVersion "1"]
[SourceVersionDate "2024.03.27"]
[SourceQuality "1"]
[WhiteTeam "Blondes"]
[BlackTeam "Brunettes"]
[WhiteTeamCountry "RUS"]
[BlackTeamCountry "RUS"]

1. d4 Nf6 2. c4 e6 3. Nc3 Bb4 4. e3 d5 5. cxd5 exd5 6. Bd3 0-0 7. Nf3 c6 8. 0-0 Re8 9. Qc2 Bd6 10. h3 Nbd7 11. Bd2 Qe7 12. Rfe1 Ne4 13. Bxe4 dxe4 14. Nh2 Nf8 15. f4 g5 16. Ng4 Bxg4 17. hxg4 Nd7 18. Qd1 Qf6 19. fxg5 Qxg5 20. Rf1 Qh4 21. Rf5 Nf6 22. Qb3 Re6 23. Ne2 Nxg4 24. Nf4 Qf2+ 25. Kh1 Bxf4 26. Rh5 Qxd2 27. exf4 Qxf4 28. Kg1 e3 29. Rf1 Qe4 30. Re1 e2 31. Kh1 Qxd4 32. Qf3 Rae8 33. Rg5+ Rg6 34. Qf5 Ree6 35. Rh5 Ref6 36. Qc8+ Kg7 37. Qe8 Rf1+ 0-1

[Event "Moscow Blondes-Brunettes m 13th"]
[Site "Moscow"]
[Date "2024.03.14"]
[Round "7.1"]
[White "Gunina, Valentina"]
[Black "Voit, Daria"]
[Result "1-0"]
[WhiteElo "2437"]
[BlackElo "2350"]
[PlyCount "89"]
[EventDate "2024.03.14"]
[EventType "schev (blitz)"]
[EventRounds "8"]
[EventCountry "RUS"]
[SourceTitle "CB13_2024"]
[SourceDate "2024.03.27"]
[SourceVersion "1"]
[SourceVersionDate "2024.03.27"]
[SourceQuality "1"]
[WhiteTeam "Blondes"]
[BlackTeam "Brunettes"]
[WhiteTeamCountry "RUS"]
[BlackTeamCountry "RUS"]

1. d4 Nf6 2. c4 e6 3. Nf3 d5 4. Nc3 Bb4 5. cxd5 exd5 6. Bg5 h6 7. Bh4 0-0 8. e3 Bf5 9. Be2 Nbd7 10. Qb3 Bxc3+ 11. Qxc3 c6 12. Nd2 Qe7 13. 0-0 Rfe8 14. h3 Ne4 15. Nxe4 Qxe4 16. Bg3 Qc2 17. Qxc2 Bxc2 18. Rfc1 Bf5 19. b4 a6 20. a4 Nf6 21. Be5 Ne4 22. Ra2 f6 23. Bh2 Bd7 24. f3 Ng5 25. Kf2 Kf7 26. h4 Ne6 27. Rd2 f5 28. Bd3 Nf8 29. h5 Nh7 30. g4 Nf6 31. gxf5 Nxh5 32. e4 dxe4 33. fxe4 Rad8 34. Bc4+ Ke7 35. Kf3 Bc8 36. Rg1 Kf8 37. Bc7 Rd7 38. Bb6 Ke7 39. Rh2 Nf6 40. Rxg7+ Kf8 41. Rxd7 Bxd7 42. e5 Nd5 43. Bxd5 cxd5 44. Rxh6 Bxf5 45. Rf6+ 1-0

[Event "Tashkent (Women) 2nd"]
[Site "Tashkent"]
[Date "2024.03.12"]
[Round "9"]
[White "Voit, Daria"]
[Black "Soumya, Swaminathan"]
[Result "0-1"]
[WhiteElo "2350"]
[BlackElo "2259"]
[PlyCount "114"]
[EventDate "2024.03.06"]
[EventType "swiss"]
[EventRounds "9"]
[EventCountry "UZB"]
[SourceTitle "CB12_2024"]
[SourceDate "2023.10.01"]
[SourceVersion "1"]
[SourceVersionDate "2023.10.01"]
[SourceQuality "1"]

1. d4 Nf6 2. c4 g6 3. Nc3 Bg7 4. e4 d6 5. Nge2 0-0 6. Ng3 Re8 7. Be2 Nbd7 8. 0-0 c5 9. d5 Qb6 10. Qc2 e6 11. h3 a6 12. Bf4 exd5 13. cxd5 Qc7 14. a4 b6 15. Rfc1 Rb8 16. b3 Nf8 17. Nf1 Nh5 18. Bxh5 gxh5 19. Ng3 Ng6 20. Nxh5 Nxf4 21. Nxf4 Qe7 22. Nh5 Bd4 23. Qd3 Kh8 24. Qf3 Rg8 25. Ng3 Bxh3 26. Nce2 Bg4 27. Qf4 Be5 28. Qe3 Bxe2 29. Nxe2 Bxa1 30. Rxa1 Qe5 31. Re1 Rg6 32. g3 Re8 33. Nf4 Rf6 34. Kg2 Rg8 35. Ne2 Re8 36. Nf4 b5 37. axb5 axb5 38. Qd3 Rg8 39. Ne2 b4 40. Rh1 Rfg6 41. Rh3 Re8 42. Rh4 Rg7 43. Rf4 Kg8 44. Qb5 f5 45. f3 Rf7 46. Rh4 Rfe7 47. Kh3 fxe4 48. f4 Qxd5 49. Rg4+ Kh8 50. Rg5 Qd3 51. Qa4 h6 52. Qa1+ Kh7 53. Qf6 hxg5 54. fxg5 Qxe2 55. Qh6+ Kg8 56. Qg6+ Kh8 57. Qf6+ Rg7 0-1

[Event "Tashkent (Women) 2nd"]
[Site "Tashkent"]
[Date "2024.03.11"]
[Round "8"]
[White "Ovezdurdiyeva, Jemal"]
[Black "Voit, Daria"]
[Result "0-1"]
[WhiteElo "2057"]
[BlackElo "2350"]
[PlyCount "148"]
[EventDate "2024.03.06"]
[EventType "swiss"]
[EventRounds "9"]
[EventCountry "UZB"]
[SourceTitle "CB12_2024"]
[SourceDate "2023.10.01"]
[SourceVersion "1"]
[SourceVersionDate "2023.10.01"]
[SourceQuality "1"]

1. d4 Nf6 2. c4 e6 3. Nc3 Bb4 4. e3 d5 5. Nge2 dxc4 6. a3 Ba5 7. Qa4+ c6 8. Qxc4 0-0 9. Ng3 Nbd7 10. Be2 e5 11. 0-0 exd4 12. exd4 h6 13. Qd3 Bc7 14. Be3 Re8 15. Bd1 Ne5 16. Qe2 Neg4 17. Qd3 Qd6 18. Re1 Bd7 19. Bc2 Nxe3 20. Rxe3 g6 21. Rae1 Rxe3 22. fxe3 c5 23. dxc5 Qxc5 24. Nce4 Nxe4 25. Nxe4 Qc6 26. Qxd7 Qxc2 27. Nf6+ Kg7 28. Ne8+ Rxe8 29. Qxe8 Qxb2 30. Rf1 Qb3 31. Qe7 Qc4 32. Qf6+ Kg8 33. Qf3 b5 34. Rb1 Bb6 35. Kh1 Qd3 36. Rf1 Qc4 37. e4 Bc5 38. Rd1 Bf8 39. Qd3 Qc5 40. Rf1 Qxa3 41. Qxb5 Qe7 42. Qd5 Bg7 43. Re1 Be5 44. Rd1 Kg7 45. g3 h5 46. Kg2 Qc7 47. Rf1 Bf6 48. Rf2 Qe7 49. Ra2 h4 50. g4 Qc7 51. Rf2 Qc3 52. Qd1 a5 53. Qf3 Qe5 54. Ra2 Qg5 55. Kh3 Qb5 56. Rf2 Qe5 57. Rd2 a4 58. Rd5 Qb2 59. Rd7 g5 60. Rd3 Be5 61. Qg2 a3 62. Qxb2 Bxb2 63. Rd5 a2 64. Rxg5+ Kf6 65. Ra5 a1Q 66. Rxa1 Bxa1 67. Kxh4 Be5 68. h3 Kg6 69. g5 Bf4 70. Kg4 Bxg5 71. h4 Be7 72. e5 Bd8 73. h5+ Kh6 74. Kf5 Kxh5 0-1

[Event "Tashkent (Women) 2nd"]
[Site "Tashkent"]
[Date "2024.03.08"]
[Round "4"]
[White "Kairbekova, Amina"]
[Black "Voit, Daria"]
[Result "1-0"]
[WhiteElo "2230"]
[BlackElo "2350"]
[PlyCount "101"]
[EventDate "2024.03.06"]
[EventType "swiss"]
[EventRounds "9"]
[EventCountry "UZB"]
[SourceTitle "CB12_2024"]
[SourceDate "2023.10.01"]
[SourceVersion "1"]
[SourceVersionDate "2023.10.01"]
[SourceQuality "1"]

1. e4 c6 2. d4 d5 3. e5 Bf5 4. Nf3 e6 5. Be2 Nd7 6. 0-0 h6 7. a4 Qc7 8. a5 a6 9. c4 Bxb1 10. Rxb1 Qxa5 11. c5 Ne7 12. b4 Qc7 13. Ne1 b5 14. f4 a5 15. bxa5 Rxa5 16. Nf3 Nf5 17. g4 Nxd4 18. Nxd4 Bxc5 19. Kh1 Ra4 20. Nxc6 0-0 21. Bxb5 Re4 22. Bd2 f6 23. Ba5 Qc8 24. Qc2 Qa8 25. Bb4 Bxb4 26. Nxb4 Rc8 27. Qa2 Qxa2 28. Nxa2 Nf8 29. exf6 gxf6 30. Bd3 Rd4 31. Rbd1 Kg7 32. Kg2 Rc5 33. Bb1 Ra4 34. Nc1 Rb5 35. Nd3 Ng6 36. Rc1 Ra7 37. f5 exf5 38. gxf5 Ne5 39. Nxe5 fxe5 40. f6+ Kf7 41. Rc8 e4 42. Rh8 Rb2+ 43. Kg1 Ke6 44. Rxh6 Rf7 45. Rg6 Re2 46. h4 d4 47. h5 d3 48. h6 Rb2 49. h7 Rf8 50. Rg8 Rbb8 51. Ba2+ 1-0

[Event "Swiss Queens Wed #5"]
[Site "FIDE Online Arena INT"]
[Date "2024.02.28"]
[Round "3"]
[White "Narva, Mai"]
[Black "Voit, Daria"]
[Result "1-0"]
[WhiteElo "2397"]
[BlackElo "2350"]
[PlyCount "93"]
[EventDate "2024.02.28"]
[EventType "swiss (blitz)"]
[EventRounds "11"]
[EventCountry "NET"]
[SourceTitle "CB10_2024"]
[SourceDate "2024.03.06"]
[SourceVersion "1"]
[SourceVersionDate "2024.03.06"]
[SourceQuality "1"]

1. e4 e6 2. d4 d5 3. exd5 exd5 4. Nf3 Bd6 5. Bd3 Bg4 6. 0-0 Ne7 7. Re1 Nd7 8. Bg5 f6 9. Bh4 Nf8 10. Nc3 c6 11. Na4 b6 12. Bg3 Nfg6 13. Nc3 Nf4 14. Bf1 Qd7 15. Re3 0-0 16. Ne2 Nh5 17. Bxd6 Qxd6 18. h3 Bxf3 19. Rxf3 Rae8 20. a4 f5 21. a5 b5 22. a6 f4 23. Nc1 Nf5 24. Rc3 Qg6 25. Nb3 Nh4 26. Qg4 Qxg4 27. hxg4 Nf6 28. f3 h5 29. g5 Nh7 30. g6 Nxg6 31. Rxc6 Nh4 32. Bxb5 Nf5 33. Rc5 Rd8 34. Bd3 Ng3 35. Na5 Nf6 36. Nc6 Rd7 37. Re1 h4 38. Ne5 Rd6 39. Ng6 Rb8 40. b3 h3 41. gxh3 Nfh5 42. Kg2 Rbb6 43. Ne7+ Kh8 44. Nxd5 Nf6 45. Nxb6 Rxb6 46. Rc8+ Ng8 47. Ree8 1-0

[Event "Swiss Queens Wed #5"]
[Site "FIDE Online Arena INT"]
[Date "2024.02.28"]
[Round "1"]
[White "Ocampo Candela, Patsy Andrea"]
[Black "Voit, Daria"]
[Result "0-1"]
[WhiteElo "1207"]
[BlackElo "2350"]
[PlyCount "55"]
[EventDate "2024.02.28"]
[EventType "swiss (blitz)"]
[EventRounds "11"]
[EventCountry "NET"]
[SourceTitle "CB10_2024"]
[SourceDate "2024.03.06"]
[SourceVersion "1"]
[SourceVersionDate "2024.03.06"]
[SourceQuality "1"]

1. e4 e6 2. d4 d5 3. exd5 exd5 4. Bd3 Nf6 5. c3 Bd6 6. Ne2 0-0 7. Bf4 Bg4 8. f3 Bh5 9. 0-0 Re8 10. Bxd6 Qxd6 11. Na3 c6 12. Nc2 Nbd7 13. Qd2 Bg6 14. Bxg6 hxg6 15. Ng3 Re7 16. Rfe1 Rae8 17. Rxe7 Rxe7 18. Ne3 Re6 19. Re1 b5 20. Kf2 Nb6 21. b4 Nfd7 22. a3 Qe7 23. Qd3 Nc4 24. Qe2 Rxe3 25. Qxe3 Nxe3 26. Rxe3 Qg5 27. Re8+ Kh7 28. h4 0-1

[Event "Swiss Queens Wed #5"]
[Site "FIDE Online Arena INT"]
[Date "2024.02.28"]
[Round "4"]
[White "Voit, Daria"]
[Black "Priyanka, Nutakki"]
[Result "1-0"]
[WhiteElo "2350"]
[BlackElo "2272"]
[PlyCount "69"]
[EventDate "2024.02.28"]
[EventType "swiss (blitz)"]
[EventRounds "11"]
[EventCountry "NET"]
[SourceTitle "CB10_2024"]
[SourceDate "2024.03.06"]
[SourceVersion "1"]
[SourceVersionDate "2024.03.06"]
[SourceQuality "1"]

1. b3 d5 2. Bb2 Nf6 3. f4 c5 4. Nf3 Nc6 5. e3 a6 6. d3 d4 7. e4 e5 8. f5 Ng4 9. Bc1 Bd6 10. h3 Ne3 11. Bxe3 dxe3 12. Qe2 Nd4 13. Qd1 g6 14. c3 Nxf3+ 15. Qxf3 Qg5 16. f6 Be6 17. Na3 0-0-0 18. Nc2 h5 19. Nxe3 Bg4 20. Qf2 Be6 21. 0-0-0 h4 22. Kb2 Kb8 23. Be2 Bc7 24. Bg4 Rhe8 25. Bxe6 Rxe6 26. Rhf1 Ka8 27. Nd5 Bb8 28. Qxc5 Rc6 29. Qf2 Ba7 30. Qf3 Rdc8 31. Rc1 Qd2+ 32. Rc2 Qh6 33. Qg4 R8c7 34. a4 Rc8 35. Rfc1 1-0

[Event "Swiss Queens Wed #4"]
[Site "FIDE Online Arena INT"]
[Date "2024.02.21"]
[Round "7"]
[White "Bodnaruk, Anastasia"]
[Black "Voit, Daria"]
[Result "1/2-1/2"]
[WhiteElo "2340"]
[BlackElo "2350"]
[PlyCount "89"]
[EventDate "2024.02.21"]
[EventType "swiss (blitz)"]
[EventRounds "11"]
[EventCountry "NET"]
[SourceTitle "CB09_2024"]
[SourceDate "2024.02.28"]
[SourceVersion "1"]
[SourceVersionDate "2024.02.28"]
[SourceQuality "1"]

1. e4 e6 2. d4 d5 3. e5 c5 4. c3 Bd7 5. Nf3 Qb6 6. Bd3 Bb5 7. 0-0 Nc6 8. dxc5 Bxc5 9. b4 Be7 10. Be3 Qa6 11. Bxb5 Qxb5 12. a4 Qc4 13. Na3 Qg4 14. Nb5 Rc8 15. Nxa7 Nxa7 16. Bxa7 Rxc3 17. b5 Nh6 18. a5 0-0 19. a6 bxa6 20. bxa6 Nf5 21. Bb6 h5 22. a7 Ra8 23. Qa4 Qxa4 24. Rxa4 Bc5 25. Bxc5 Rxc5 26. g3 Rc7 27. Rfa1 f6 28. Ra6 Kf7 29. Kf1 g5 30. exf6 Kxf6 31. Re1 Re7 32. Rea1 g4 33. Ne1 Nd4 34. Nd3 Nb5 35. Nf4 Kf5 36. Re1 Raxa7 37. Raxe6 Rxe6 38. Rxe6 Nd4 39. Rh6 Ra1+ 40. Kg2 Nf3 41. Ne2 Ne1+ 42. Kf1 Nf3+ 43. Kg2 Ne1+ 44. Kf1 Nf3+ 45. Kg2 1/2-1/2

[Event "Swiss Queens Wed #4"]
[Site "FIDE Online Arena INT"]
[Date "2024.02.21"]
[Round "6"]
[White "Kosteniuk, Alexandra"]
[Black "Voit, Daria"]
[Result "1-0"]
[WhiteElo "2501"]
[BlackElo "2350"]
[PlyCount "101"]
[EventDate "2024.02.21"]
[EventType "swiss (blitz)"]
[EventRounds "11"]
[EventCountry "NET"]
[SourceTitle "CB09_2024"]
[SourceDate "2024.02.28"]
[SourceVersion "1"]
[SourceVersionDate "2024.02.28"]
[SourceQuality "1"]

1. e4 e6 2. d4 d5 3. exd5 exd5 4. Nf3 Bd6 5. Bd3 Ne7 6. 0-0 Bg4 7. c4 dxc4 8. Bxc4 0-0 9. h3 Bh5 10. g4 Bg6 11. Ne5 c5 12. Nxg6 Nxg6 13. dxc5 Bxc5 14. Qxd8 Rxd8 15. Nc3 Nc6 16. Bg5 Rd7 17. Rfd1 Rxd1+ 18. Rxd1 Nce5 19. Bd5 Rb8 20. Kf1 b6 21. f4 h6 22. fxe5 hxg5 23. e6 fxe6 24. Bxe6+ Kh8 25. Ne4 Nf4 26. Nxg5 Be7 27. Nf7+ Kh7 28. Bb3 Nxh3 29. Rd7 Bf6 30. Kg2 Nf4+ 31. Kf3 Ng6 32. Bc2 Rf8 33. b4 Bc3 34. b5 Bf6 35. Rxa7 Bd4 36. Bf5 Bc5 37. Kg2 Re8 38. Ng5+ Kh6 39. Ne6 Re7 40. Rxe7 Bxe7 41. Kf3 Ne5+ 42. Ke4 Nc4 43. Kd5 Ne3+ 44. Kc6 g6 45. Be4 Nxg4 46. Kxb6 Nf6 47. Bc6 g5 48. Kc7 Ng4 49. b6 Ne5 50. b7 Nxc6 51. Kxc6 1-0

[Event "Swiss Queens Wed #4"]
[Site "FIDE Online Arena INT"]
[Date "2024.02.21"]
[Round "4"]
[White "Pham, Le Thao Nguyen"]
[Black "Voit, Daria"]
[Result "1/2-1/2"]
[WhiteElo "2395"]
[BlackElo "2350"]
[PlyCount "93"]
[EventDate "2024.02.21"]
[EventType "swiss (blitz)"]
[EventRounds "11"]
[EventCountry "NET"]
[SourceTitle "CB09_2024"]
[SourceDate "2024.02.28"]
[SourceVersion "1"]
[SourceVersionDate "2024.02.28"]
[SourceQuality "1"]

1. d4 Nf6 2. c4 e6 3. Nf3 d5 4. Nc3 Bb4 5. Bg5 0-0 6. e3 h6 7. Bxf6 Qxf6 8. Qb3 c5 9. a3 Bxc3+ 10. bxc3 dxc4 11. Bxc4 Nc6 12. 0-0 b6 13. Be2 Na5 14. Qb5 Qe7 15. Ne5 cxd4 16. cxd4 Bb7 17. Rfc1 Rfc8 18. a4 Rxc1+ 19. Rxc1 Rc8 20. Rxc8+ Bxc8 21. h3 Bb7 22. Bh5 f6 23. Bf7+ Kh7 24. Qb1+ f5 25. Qc2 g5 26. f4 Kg7 27. Qe2 Nc6 28. Bh5 Nxe5 29. fxe5 Qd7 30. Bf3 Bc6 31. Bxc6 Qxc6 32. Qa6 Qc1+ 33. Kf2 Qc7 34. Qb5 Kf7 35. g4 fxg4 36. hxg4 Ke7 37. Qb4+ Kf7 38. Kg3 Qe7 39. Qc3 Kg7 40. Qc6 Qf7 41. Qd6 Kh7 42. Qd8 Kg6 43. Qh8 Qg7 44. Qe8+ Qf7 45. Qh8 Qg7 46. Qe8+ Qf7 47. Qh8 1/2-1/2

[Event "Swiss Queens Wed #4"]
[Site "FIDE Online Arena INT"]
[Date "2024.02.21"]
[Round "11"]
[White "Shubenkova, Veronika"]
[Black "Voit, Daria"]
[Result "0-1"]
[WhiteElo "2007"]
[BlackElo "2350"]
[PlyCount "74"]
[EventDate "2024.02.21"]
[EventType "swiss (blitz)"]
[EventRounds "11"]
[EventCountry "NET"]
[SourceTitle "CB09_2024"]
[SourceDate "2024.02.28"]
[SourceVersion "1"]
[SourceVersionDate "2024.02.28"]
[SourceQuality "1"]

1. d4 Nf6 2. e3 b6 3. f4 Bb7 4. Nf3 d6 5. c3 Nbd7 6. Bb5 g6 7. 0-0 Bg7 8. Nbd2 0-0 9. Qe2 Ne4 10. Nxe4 Bxe4 11. Bxd7 Qxd7 12. Ng5 Bb7 13. e4 e5 14. dxe5 dxe5 15. f5 h6 16. f6 hxg5 17. fxg7 Kxg7 18. Bxg5 f6 19. Be3 Bxe4 20. Rad1 Qc6 21. Qf2 Rf7 22. Bg5 Raf8 23. Be3 Rh8 24. Qg3 Qe6 25. a3 a5 26. Rd2 Bc6 27. Rfd1 f5 28. Bg5 f4 29. Qf2 Qg4 30. h4 Re8 31. Rd8 Re6 32. Rc8 Qxd1+ 33. Kh2 Qg4 34. Qd2 Re8 35. Rxe8 Bxe8 36. Qd5 Qg3+ 37. Kh1 f3 0-1

[Event "Swiss Queens Wed #4"]
[Site "FIDE Online Arena INT"]
[Date "2024.02.21"]
[Round "3"]
[White "Voit, Daria"]
[Black "Buksa, Nataliya"]
[Result "0-1"]
[WhiteElo "2350"]
[BlackElo "2388"]
[PlyCount "64"]
[EventDate "2024.02.21"]
[EventType "swiss (blitz)"]
[EventRounds "11"]
[EventCountry "NET"]
[SourceTitle "CB09_2024"]
[SourceDate "2024.02.28"]
[SourceVersion "1"]
[SourceVersionDate "2024.02.28"]
[SourceQuality "1"]

1. Nf3 d5 2. c4 e6 3. e3 Nf6 4. b3 b6 5. Bb2 Bb7 6. d4 Be7 7. Bd3 Nbd7 8. Nbd2 Bd6 9. 0-0 Qe7 10. Ne5 Ne4 11. Bxe4 dxe4 12. Qg4 0-0-0 13. Nxe4 f5 14. Nxd6+ cxd6 15. Qg3 dxe5 16. dxe5 Nc5 17. Bd4 Ne4 18. Qh3 g5 19. f3 g4 20. fxg4 fxg4 21. Qh6 Kb8 22. a4 Nd2 23. Rf6 Nxb3 24. Rxe6 Qc7 25. Rd1 Nxd4 26. exd4 Qxc4 27. Rd6 Qe2 28. Rxd8+ Rxd8 29. Qd2 Qe4 30. Qf2 a5 31. Qb2 Ka7 32. Qd2 Rxd4 0-1

[Event "Swiss Queens Wed #4"]
[Site "FIDE Online Arena INT"]
[Date "2024.02.21"]
[Round "5"]
[White "Voit, Daria"]
[Black "Wagner, Dinara"]
[Result "1-0"]
[WhiteElo "2350"]
[BlackElo "2457"]
[PlyCount "103"]
[EventDate "2024.02.21"]
[EventType "swiss (blitz)"]
[EventRounds "11"]
[EventCountry "NET"]
[SourceTitle "CB09_2024"]
[SourceDate "2024.02.28"]
[SourceVersion "1"]
[SourceVersionDate "2024.02.28"]
[SourceQuality "1"]

1. Nf3 d5 2. b3 c5 3. Bb2 Nf6 4. e3 e6 5. Bb5+ Bd7 6. a4 a6 7. Bxd7+ Nbxd7 8. 0-0 Bd6 9. d3 0-0 10. Nbd2 Qc7 11. e4 dxe4 12. dxe4 Ne5 13. Qe2 Rfd8 14. h3 Nxf3+ 15. Nxf3 Nd7 16. e5 Be7 17. c4 Nb8 18. Rad1 Nc6 19. Bc3 Rxd1 20. Rxd1 Rd8 21. Rxd8+ Qxd8 22. Qd2 Qxd2 23. Bxd2 f6 24. exf6 gxf6 25. Kf1 Kf7 26. Ke2 e5 27. g4 e4 28. Nh4 Nd4+ 29. Ke3 Nxb3 30. Bc3 Ke6 31. Kxe4 Bd8 32. Ng2 Ba5 33. Nf4+ Kf7 34. Bxa5 Nxa5 35. Kd5 b6 36. Nd3 Ke7 37. f4 Kd7 38. Nf2 Nc6 39. g5 Nb4+ 40. Ke4 fxg5 41. fxg5 Ke6 42. h4 Nc6 43. Nd3 Na5 44. Nf4+ Kf7 45. Kd5 Ke7 46. h5 Kf7 47. Ne6 Nxc4 48. Nd8+ Ke7 49. Kxc4 Kxd8 50. g6 hxg6 51. h6 Ke7 52. h7 1-0

[Event "Swiss Queens Wed #2"]
[Site "FIDE Online Arena INT"]
[Date "2024.02.07"]
[Round "10"]
[White "Maltsevskaya, Aleksandra"]
[Black "Voit, Daria"]
[Result "0-1"]
[WhiteElo "2374"]
[BlackElo "2350"]
[PlyCount "58"]
[EventDate "2024.02.07"]
[EventType "swiss (blitz)"]
[EventRounds "11"]
[EventCountry "NET"]
[SourceTitle "CB07_2024"]
[SourceDate "2024.02.14"]
[SourceVersion "1"]
[SourceVersionDate "2024.02.14"]
[SourceQuality "1"]

1. d4 Nf6 2. Bg5 d5 3. e3 e6 4. c4 c6 5. Nc3 Nbd7 6. Bd3 Qa5 7. cxd5 Nxd5 8. Nf3 Nxc3 9. bxc3 Qxc3+ 10. Ke2 Ba3 11. Rb1 0-0 12. Qa4 Nb6 13. Rxb6 axb6 14. Qxa8 Qb2+ 15. Nd2 Bb4 16. Rd1 b5 17. e4 Qxd4 18. Be3 Qc3 19. Rb1 e5 20. Rb3 Bg4+ 21. f3 Rxa8 22. Rxc3 Bxc3 23. fxg4 Rxa2 24. Kd1 b4 25. h4 b5 26. g3 Bxd2 27. Bxd2 b3 28. Bc3 f6 29. Bd2 Ra1+ 0-1

[Event "Swiss Queens Wed #2"]
[Site "FIDE Online Arena INT"]
[Date "2024.02.07"]
[Round "6"]
[White "Mammadova, Gulnar Marfat Qizi"]
[Black "Voit, Daria"]
[Result "1-0"]
[WhiteElo "2351"]
[BlackElo "2350"]
[PlyCount "149"]
[EventDate "2024.02.07"]
[EventType "swiss (blitz)"]
[EventRounds "11"]
[EventCountry "NET"]
[SourceTitle "CB07_2024"]
[SourceDate "2024.02.14"]
[SourceVersion "1"]
[SourceVersionDate "2024.02.14"]
[SourceQuality "1"]

1. e4 c6 2. d4 d5 3. e5 Bf5 4. Nd2 e6 5. Nb3 Bg6 6. Nf3 Qc7 7. c3 c5 8. dxc5 Nd7 9. Bb5 Ne7 10. Bxd7+ Kxd7 11. Nfd4 Qxe5+ 12. Be3 Nf5 13. Nxf5 Bxf5 14. 0-0 a5 15. Qe2 Qc7 16. Nd4 Bg6 17. Qb5+ Kd8 18. b4 e5 19. Nf3 f6 20. Rfd1 Qc6 21. Qe2 Kc8 22. Nd2 axb4 23. cxb4 Be7 24. Nb3 Rd8 25. b5 Qe6 26. Bd2 d4 27. Bb4 Ra4 28. Ba5 Rd5 29. Bb6 Bd8 30. Bxd8 Rxd8 31. c6 b6 32. Rac1 Kc7 33. Rd2 h5 34. h3 h4 35. Rcd1 d3 36. Qe3 Re4 37. Qf3 Rf4 38. Qe3 Rb4 39. f3 Rxb5 40. Rc1 e4 41. Qf4+ Qe5 42. Qxe5+ Rxe5 43. fxe4 Bxe4 44. Kf2 Bxc6 45. Rb2 d2 46. Rxd2 Rxd2+ 47. Nxd2 Ra5 48. Rc2 Kb7 49. Nb3 Ra4 50. Rd2 Kc7 51. Nd4 Bd5 52. Nb5+ Kc6 53. Nc3 Ra5 54. a3 Rc5 55. Ne2 Be6 56. Nd4+ Kd5 57. Nb3+ Kc4 58. Nxc5 bxc5 59. Ke3 g5 60. Rd6 Bd5 61. Rxf6 Bxg2 62. Rg6 Bxh3 63. Rxg5 Bd7 64. Rg7 Ba4 65. Rg4+ Kb3 66. Rxh4 Kxa3 67. Kd3 Bb5+ 68. Kc3 c4 69. Rh8 Bc6 70. Rc8 Bb5 71. Rb8 Ba4 72. Ra8 Ka2 73. Rxa4+ Kb1 74. Rxc4 Kc1 75. Rh4 1-0

[Event "Swiss Queens Wed #2"]
[Site "FIDE Online Arena INT"]
[Date "2024.02.07"]
[Round "4"]
[White "Mammadzada, Gunay Vuqar Qizi"]
[Black "Voit, Daria"]
[Result "0-1"]
[WhiteElo "2449"]
[BlackElo "2350"]
[PlyCount "132"]
[EventDate "2024.02.07"]
[EventType "swiss (blitz)"]
[EventRounds "11"]
[EventCountry "NET"]
[SourceTitle "CB07_2024"]
[SourceDate "2024.02.14"]
[SourceVersion "1"]
[SourceVersionDate "2024.02.14"]
[SourceQuality "1"]

1. Nf3 Nf6 2. c4 e6 3. d4 d5 4. g3 Bb4+ 5. Bd2 Bd6 6. Bg5 c6 7. Bg2 Nbd7 8. 0-0 0-0 9. Qc2 h6 10. Bc1 b6 11. cxd5 cxd5 12. Qc6 Qc7 13. Qxa8 Ba6 14. Qxf8+ Kxf8 15. Nc3 Ne4 16. Nxe4 dxe4 17. Nd2 e3 18. fxe3 Bxe2 19. Rf2 Bd3 20. Ne4 Be7 21. Bd2 f5 22. Rc1 Qd8 23. Nc3 Nf6 24. h3 Bd6 25. Rf3 g5 26. Be1 Kg7 27. Bf1 Bxf1 28. Rxf1 g4 29. h4 Nh5 30. Ne2 Qb8 31. Nf4 Bxf4 32. gxf4 Nf6 33. Bg3 Kg6 34. Rc2 Qb7 35. Kh2 Qe4 36. Re2 Qd3 37. Rff2 Nd5 38. Rg2 Nxe3 39. Rgf2 Qxd4 40. Rd2 Qe4 41. Rd6 Kh5 42. Rd7 a5 43. Re7 a4 44. Rg7 b5 45. a3 Qd3 46. Re7 Nf1+ 47. Rxf1 Qxf1 48. Rxe6 Qd3 49. Re5 Qc2+ 50. Kg1 Qb1+ 51. Be1 Qxb2 52. Rxf5+ Kg6 53. Re5 Qxa3 54. h5+ Kf7 55. Bh4 Qc1+ 56. Kg2 Qxf4 57. Rxb5 Qf3+ 58. Kg1 Qe3+ 59. Bf2 Qf3 60. Rc5 g3 61. Rc7+ Ke6 62. Bc5 a3 63. Bxa3 Qxa3 64. Rc6+ Kf5 65. Rxh6 Kg4 66. Rg6+ Kh3 0-1

[Event "Wch Blitz (Women)"]
[Site "Samarkand"]
[Date "2023.12.30"]
[Round "14"]
[White "Voit, Daria"]
[Black "Tokhirjonova, Gulruhbegim"]
[Result "1-0"]
[WhiteElo "2343"]
[BlackElo "2370"]
[PlyCount "60"]
[EventDate "2023.12.29"]
[EventType "swiss (blitz)"]
[EventRounds "17"]
[EventCountry "UZB"]
[SourceTitle "CB01_2024"]
[SourceDate "2024.01.03"]
[SourceVersion "1"]
[SourceVersionDate "2024.01.03"]
[SourceQuality "1"]

1. d4 Nf6 2. c4 e6 3. Nf3 d5 4. g3 Be7 5. Bg2 0-0 6. 0-0 dxc4 7. Qc2 c6 8. a4 a5 9. Na3 Na6 10. Nxc4 Nb4 11. Qb3 b5 12. Nce5 Ba6 13. Re1 bxa4 14. Qxa4 Bb5 15. Qd1 Qb6 16. Be3 Nfd5 17. Nd7 Nxe3 18. fxe3 Qc7 19. Nxf8 Rxf8 20. Qd2 Rd8 21. Qc3 a4 22. e4 Qb6 23. e3 h6 24. Ne5 c5 25. Red1 Rc8 26. Kh1 Rc7 27. Nc4 cxd4 28. Qxb4 Qb8 29. Nd6 Bxd6 30. Qxd6 dxe3 1-0

[Event "Wch Blitz (Women)"]
[Site "Samarkand"]
[Date "2023.12.30"]
[Round "16"]
[White "Voit, Daria"]
[Black "Tsolakidou, Stavroula"]
[Result "1/2-1/2"]
[WhiteElo "2343"]
[BlackElo "2427"]
[PlyCount "108"]
[EventDate "2023.12.29"]
[EventType "swiss (blitz)"]
[EventRounds "17"]
[EventCountry "UZB"]
[SourceTitle "CB01_2024"]
[SourceDate "2024.01.03"]
[SourceVersion "1"]
[SourceVersionDate "2024.01.03"]
[SourceQuality "1"]

1. d4 Nf6 2. c4 g6 3. g3 Bg7 4. Bg2 0-0 5. Nc3 d6 6. Nf3 Nbd7 7. 0-0 e5 8. e4 exd4 9. Nxd4 Re8 10. h3 Nc5 11. Re1 h6 12. b3 a5 13. Bb2 a4 14. Rb1 axb3 15. axb3 c6 16. Ra1 Rxa1 17. Qxa1 Nd3 18. Rd1 Nxb2 19. Qxb2 Nd7 20. Qd2 Qb6 21. Na4 Qc7 22. b4 Ne5 23. Qc2 Qe7 24. Nb6 Nd7 25. Nxc8 Rxc8 26. Nb3 Ra8 27. Na5 Nf8 28. Qd3 c5 29. Qd2 Ne6 30. Nb3 Nd4 31. Rb1 Nxb3 32. Rxb3 Ra1+ 33. Kh2 Bd4 34. bxc5 dxc5 35. e5 Qxe5 36. Rxb7 Qe1 37. Qxe1 Rxe1 38. Bd5 Bxf2 39. Rxf7 Bg1+ 40. Kg2 Kh8 41. Rf6 Kg7 42. Rf7+ Kh8 43. h4 Bd4 44. g4 Re2+ 45. Kg3 Re3+ 46. Kf4 Re8 47. h5 gxh5 48. gxh5 Re5 49. Kg4 Rg5+ 50. Kh4 Rg1 51. Rd7 Bf6+ 52. Kh3 Bd4 53. Kh4 Bf6+ 54. Kh3 Bd4 1/2-1/2